000
00282nam a2200109 a 4500
005
20140414132059.0
008
110805s19uu xx 00 eng d
050
_a
TR 523.2
_b
S1 2000
245
_a
3-D Thrillers! Solar System.
260
_a
China :
_b
Arcturus,
_c
2000.
999
_c
114403
_d
114403